De Medellín a Bogotá / (Record no. 24493)
[ view plain ]
| 000 -CABECERA | |
|---|---|
| campo de control de longitud fija | 01002cam a2200229 a 4500 |
| 001 - NÚMERO DE CONTROL | |
| campo de control | 000025000 |
| 005 - FECHA Y HORA DE LA ÚLTIMA TRANSACCIÓN | |
| campo de control | 20200930023511.0 |
| 008 - DATOS DE LONGITUD FIJA--INFORMACIÓN GENERAL | |
| campo de control de longitud fija | 901219s1992 ck 000 | spa d |
| 020 ## - NÚMERO INTERNACIONAL ESTÁNDAR DEL LIBRO | |
| Número Internacional Estándar del Libro | 9586120864 |
| 040 ## - FUENTE DE LA CATALOGACIÓN | |
| Centro catalogador/agencia de origen | DO-SdBNP |
| Lengua de catalogación | spa |
| Centro/agencia transcriptor | BNPHU |
| 082 ## - NÚMERO DE LA CLASIFICACIÓN DECIMAL DEWEY | |
| Número de clasificación | 910.09861 |
| Número de documento/Ítem | P784 |
| 049 ## - FONDOS LOCALES (OCLC) | |
| Fondos de biblioteca | BNGR |
| 100 1# - ENTRADA PRINCIPAL--NOMBRE DE PERSONA | |
| Nombre de persona | Pombo, Manuel |
| 9 (RLIN) | 51306 |
| 245 10 - MENCIÓN DE TÍTULO | |
| Título | De Medellín a Bogotá / |
| Mención de responsabilidad, etc. | Manuel Pombo ; prólogo José Olinto Rueda ;traducción Gregorio Obregón. |
| 260 ## - PUBLICACIÓN, DISTRIBUCIÓN, ETC. | |
| Lugar de publicación, distribución, etc. | Bogotá, (Colombia) : |
| Nombre del editor, distribuidor, etc. | República de Colombia, Nación-Presidencia de la República : |
| -- | Comisión Preparatoria para el V Centenario del Descubrimiento de América : |
| -- | Instituto Colombiano de Cultura (Colcultura), |
| Fecha de publicación, distribución, etc. | 1992. |
| 300 ## - DESCRIPCIÓN FÍSICA | |
| Extensión | 174 p. ; |
| Dimensiones | 24 cm. |
| 490 1# - MENCIÓN DE SERIE | |
| Mención de serie | Biblioteca V Centenario Colcultura. Viajeros por Colombia. |
| 500 ## - NOTA GENERAL | |
| Nota general | Incluye nota al pie de páginas |
| 700 1# - PUNTO DE ACCESO ADICIONAL--NOMBRE DE PERSONA | |
| Nombre de persona | Olinto Rueda, José |
| Término indicativo de función/relación | pról. |
| 9 (RLIN) | 51307 |
| 700 1# - PUNTO DE ACCESO ADICIONAL--NOMBRE DE PERSONA | |
| Nombre de persona | Obregón, Gregorio |
| Término indicativo de función/relación | tr. |
| 9 (RLIN) | 51308 |
| 830 #0 - PUNTO DE ACCESO ADICIONAL DE SERIE-TÍTULO UNIFORME | |
| Título uniforme | Biblioteca V Centenario Colcultura ; |
| Nombre de parte o sección de la obra | Viajeros por Colombia. |
| 9 (RLIN) | 20309 |
| Estado de retiro | Estado de pérdida | Restricciones de uso | No para préstamo | Código de colección | Localización permanente | Ubicación/localización actual | Ubicación en estantería | Fecha de adquisición | Número de inventario | Total de préstamos | Signatura topográfica completa | Código de barras | Fecha visto por última vez | Precio válido a partir de | Tipo de ítem Koha |
|---|---|---|---|---|---|---|---|---|---|---|---|---|---|---|---|
| Monografías: Libros y Folletos | General | General | En catalogación | 08.02.2011 | LF1 | 910.09861 P784 | 25000-10 | 25.06.2020 | 25.06.2020 | Préstamo en sala |
